[Event "Seniorenkampioenschap 2012"]
[Site "Oosterbeek, Netherlands"]
[Date "2012.07.08"]
[Round "2"]
[White "Greevenbosch, Henk"]
[Black "Vosselman, Jan"]
[Result "0-1"]
[WhiteElo "1943"]
[BlackElo "2009"]
[PlyCount "72"]
[EventDate "2012.??.??"]

1. c4 e6 2. Nc3 d5 3. cxd5 exd5 4. d4 c6 5. g3 Nf6 6. Bg2 Bd6 7. e3 O-O 8. Nge2
Re8 9. O-O Bf5 10. h3 Nbd7 11. f3 h5 12. g4 hxg4 13. fxg4 Bxg4 14. hxg4 Nxg4
15. Rf3 Qh4 16. Nf4 g5 17. Rh3 Qf2+ 18. Kh1 Ndf6 19. Nd3 Qf5 20. Qf1 Qxd3 21.
Qxd3 Nf2+ 22. Kg1 Nxd3 23. Bd2 g4 24. Rh6 Kg7 25. e4 Bf4 26. Bxf4 Nxf4 27. Rxf6
Kxf6 28. Rf1 Kg5 29. exd5 Nxg2 30. Kxg2 f5 31. dxc6 bxc6 32. Rd1 Rad8 33. Rd3
f4 34. Kf2 Kf5 35. b4 g3+ 36. Kf3 Rxd4 0-1

[Event "Seniorenkampioenschap 2012"]
[Site "Oosterbeek, Netherlands"]
[Date "2012.07.08"]
[Round "2"]
[White "Huysman, Arie"]
[Black "Duijker, Bert"]
[Result "1-0"]
[WhiteElo "2003"]
[BlackElo "1946"]
[PlyCount "57"]
[EventDate "2012.??.??"]

1. e4 g6 2. d4 Bg7 3. Nc3 d6 4. Be2 Nc6 5. Be3 e5 6. dxe5 Nxe5 7. Qd2 Ne7 8.
Bh6 O-O 9. Bxg7 Kxg7 10. f4 N5c6 11. g4 f5 12. exf5 gxf5 13. g5 Be6 14. Nf3 a6
15. Nd4 Nxd4 16. Qxd4+ Kg8 17. O-O-O Nc6 18. Qd2 Qe8 19. Bf3 Rb8 20. Nd5 Qf7
21. Qc3 Rfc8 22. Rhe1 Nd8 23. Bh5 Qg7 24. Qxg7+ Kxg7 25. Ne7 Kf8 26. Nxc8 Rxc8
27. Re3 Bf7 28. Bxf7 Kxf7 29. Rd5 1-0

[Event "Seniorenkampioenschap 2012"]
[Site "Oosterbeek, Netherlands"]
[Date "2012.07.08"]
[Round "2"]
[White "Seeleman, Jan"]
[Black "Van de Peut, Aart"]
[Result "1-0"]
[WhiteElo "2000"]
[BlackElo "1907"]
[PlyCount "69"]
[EventDate "2012.??.??"]

1. e4 e6 2. d4 d5 3. Nc3 Bb4 4. e5 c5 5. a3 Bxc3+ 6. bxc3 Ne7 7. Qg4 Qc7 8.
Qxg7 Rg8 9. Qxh7 cxd4 10. Ne2 Nbc6 11. f4 dxc3 12. Qd3 Bd7 13. Rb1 Nf5 14. g4
Rxg4 15. Bh3 Rg6 16. Bxf5 exf5 17. Nxc3 Nxe5 18. fxe5 Qxe5+ 19. Qe3 Re6 20.
Qxe5 Rxe5+ 21. Kf2 d4 22. Ne2 O-O-O 23. Nxd4 Rd5 24. c3 Rc5 25. Bb2 Ba4 26. h4
Bc6 27. Nxc6 Rxc6 28. Rbd1 Rh8 29. c4 Rh5 30. Rd4 b5 31. Rc1 bxc4 32. Rdxc4
Rxc4 33. Rxc4+ Kd7 34. Kg3 Ke6 35. Ra4 1-0

[Event "Seniorenkampioenschap 2012"]
[Site "Oosterbeek, Netherlands"]
[Date "2012.07.09"]
[Round "3"]
[White "Schouten, Nico"]
[Black "Van den Berg, Ad"]
[Result "1/2-1/2"]
[WhiteElo "2094"]
[BlackElo "2206"]
[PlyCount "47"]
[EventDate "2012.??.??"]

1. d4 d6 2. Nf3 g6 3. c4 Bg7 4. Nc3 Nd7 5. e3 e5 6. Be2 Ngf6 7. O-O O-O 8. Qc2
Re8 9. b3 h5 10. dxe5 dxe5 11. Bb2 c6 12. Rad1 Qc7 13. Ba3 Bf8 14. Bxf8 Nxf8
15. Ng5 Bg4 16. Nce4 Nxe4 17. Nxe4 Qe7 18. Bxg4 hxg4 19. Rd2 Rad8 20. Rfd1 Rxd2
21. Qxd2 Ne6 22. Qa5 f5 23. Rd7 Rd8 24. Qxd8+ 1/2-1/2

[Event "Seniorenkampioenschap 2012"]
[Site "Oosterbeek, Netherlands"]
[Date "2012.07.09"]
[Round "3"]
[White "Van Lanen, Toon"]
[Black "Versteeg, Cees"]
[Result "1/2-1/2"]
[WhiteElo "2143"]
[BlackElo "1912"]
[PlyCount "61"]
[EventDate "2012.??.??"]

1. e4 c5 2. Ne2 Nc6 3. Nbc3 e6 4. g3 d5 5. exd5 exd5 6. d3 Nf6 7. Bg2 Be7 8.
O-O O-O 9. h3 d4 10. Ne4 Nd5 11. Re1 Be6 12. h4 h6 13. Nf4 Nxf4 14. Bxf4 Qd7
15. a3 f5 16. Nd2 Rae8 17. Nc4 b5 18. Ne5 Nxe5 19. Bxe5 Bd5 20. Qh5 Bxg2 21.
Kxg2 Bxh4 22. Bxg7 Kxg7 23. Qxh4 Qd5+ 24. Kg1 Re6 25. Qf4 Rfe8 26. Qc7+ Kg6 27.
Rxe6+ Rxe6 28. Qxa7 f4 29. Qb8 fxg3 30. Qxg3+ Kh7 31. Kf1 1/2-1/2

[Event "Seniorenkampioenschap 2012"]
[Site "Oosterbeek, Netherlands"]
[Date "2012.07.09"]
[Round "3"]
[White "Vogel, Jaap"]
[Black "Etmans, Maarten"]
[Result "1/2-1/2"]
[WhiteElo "2156"]
[BlackElo "2001"]
[PlyCount "46"]
[EventDate "2012.??.??"]

1. d4 Nf6 2. Nf3 g6 3. g3 Bg7 4. Bg2 O-O 5. O-O d6 6. c4 c6 7. Nc3 Nbd7 8. e4
e5 9. h3 exd4 10. Nxd4 Qa5 11. Re1 Ne5 12. Bf1 Re8 13. Rb1 Be6 14. b4 Qc7 15.
Nxe6 Rxe6 16. Kg2 Rae8 17. Qc2 Qe7 18. Nd5 cxd5 19. exd5 Nf3 20. Rxe6 fxe6 21.
Kxf3 exd5 22. cxd5 Kh8 23. Kg2 Nxd5 1/2-1/2

[Event "Seniorenkampioenschap 2012"]
[Site "Oosterbeek, Netherlands"]
[Date "2012.07.09"]
[Round "3"]
[White "Viergever, Max"]
[Black "Markus, John"]
[Result "1/2-1/2"]
[WhiteElo "2097"]
[BlackElo "2107"]
[PlyCount "61"]
[EventDate "2012.??.??"]

1. e4 g6 2. d4 d6 3. Nc3 Bg7 4. Be3 c6 5. h3 b5 6. Bd3 a6 7. Nf3 Nd7 8. Qd2 Qc7
9. O-O Bb7 10. Rfe1 b4 11. Nd1 c5 12. c3 bxc3 13. Nxc3 cxd4 14. Bxd4 Ngf6 15.
Nd5 Bxd5 16. exd5 O-O 17. Rxe7 Nxd5 18. Bxg7 Nxe7 19. Bxf8 Nxf8 20. Rc1 Qb6 21.
b3 Ne6 22. Ng5 d5 23. Re1 a5 24. Nxe6 fxe6 25. Qe2 Kf7 26. Qf3+ Kg7 27. Qg4 Rf8
28. Qxe6 Qxf2+ 29. Kh1 Nf5 30. Qe5+ Kh6 31. Bxf5 1/2-1/2

[Event "Seniorenkampioenschap 2012"]
[Site "Oosterbeek, Netherlands"]
[Date "2012.07.09"]
[Round "3"]
[White "Holscher, Peter"]
[Black "Van Leeuwen, Etienne"]
[Result "1/2-1/2"]
[WhiteElo "2078"]
[BlackElo "2061"]
[PlyCount "62"]
[EventDate "2012.??.??"]

1. d4 Nf6 2. c4 g6 3. Nf3 Bg7 4. Nc3 d5 5. g3 O-O 6. Qb3 dxc4 7. Qxc4 Nfd7 8.
Bf4 c5 9. dxc5 Qa5 10. Bg2 Qxc5 11. Qxc5 Nxc5 12. O-O Nc6 13. Rac1 e5 14. Be3
Ne6 15. Rfd1 Ned4 16. Ng5 Bg4 17. Kf1 Rad8 18. h3 Bc8 19. Nge4 h6 20. g4 f5 21.
gxf5 gxf5 22. Nc5 b6 23. N5a4 Ba6 24. Ke1 f4 25. Bxd4 Nxd4 26. Be4 Kh8 27. b4
Rc8 28. Nb2 Rc7 29. Nd5 Rd7 30. Nd3 Bb7 31. Nc3 Bxe4 1/2-1/2

[Event "Seniorenkampioenschap 2012"]
[Site "Oosterbeek, Netherlands"]
[Date "2012.07.09"]
[Round "3"]
[White "Jonkman, Fokke"]
[Black "Vlam, Horatio"]
[Result "1-0"]
[WhiteElo "1995"]
[BlackElo "2145"]
[PlyCount "41"]
[EventDate "2012.??.??"]

1. c4 g6 2. e4 c5 3. Nf3 Bg7 4. d4 cxd4 5. Nxd4 Nc6 6. Be3 Nf6 7. Nc3 O-O 8.
Be2 d6 9. O-O Bd7 10. Qd2 Nxd4 11. Bxd4 Bc6 12. f3 a5 13. b3 Nd7 14. Be3 Nc5
15. Rab1 e6 16. Rfd1 Be5 17. Bd4 Bxd4+ 18. Qxd4 Qb6 19. Kh1 Rfd8 20. a3 Qc7 21.
e5 1-0

[Event "Seniorenkampioenschap 2012"]
[Site "Oosterbeek, Netherlands"]
[Date "2012.07.09"]
[Round "3"]
[White "Hoynck van Papendrecht, Fr"]
[Black "Seeleman, Jan"]
[Result "1-0"]
[WhiteElo "2055"]
[BlackElo "2000"]
[PlyCount "81"]
[EventDate "2012.??.??"]

1. d4 Nf6 2. Nf3 g6 3. Bg5 Ne4 4. Bh4 Bg7 5. c3 d5 6. Nbd2 Nd6 7. Qb3 c6 8. e3
O-O 9. Bd3 Nd7 10. O-O Nf6 11. c4 dxc4 12. Nxc4 Be6 13. Qc2 Nxc4 14. Bxc4 Bxc4
15. Qxc4 Nd5 16. Rfd1 h6 17. a4 a5 18. Rac1 g5 19. Bg3 Ra6 20. h4 g4 21. Ne5 h5
22. Nd3 Rb6 23. e4 Nb4 24. Nf4 Na6 25. Nxh5 Rxb2 26. Nxg7 Kxg7 27. d5 Rb4 28.
Qe2 Qc8 29. dxc6 bxc6 30. Rd5 f6 31. Rxa5 Nb8 32. Rf5 Rh8 33. Qxg4+ Kf7 34. Qf3
Qe6 35. e5 Nd7 36. Rxc6 Rb1+ 37. Kh2 Nxe5 38. Bxe5 Rxh4+ 39. Kg3 Rb3 40. Rxe6
Rxf3+ 41. Rxf3 1-0

[Event "Seniorenkampioenschap 2012"]
[Site "Oosterbeek, Netherlands"]
[Date "2012.07.09"]
[Round "3"]
[White "Landsbergen, Ron"]
[Black "Goossen, Theo"]
[Result "1/2-1/2"]
[WhiteElo "1934"]
[BlackElo "2037"]
[PlyCount "56"]
[EventDate "2012.??.??"]

1. e4 c5 2. Nc3 g6 3. g3 Bg7 4. Bg2 a6 5. d3 Nc6 6. Be3 b6 7. Qd2 Bb7 8. f4 e6
9. Nge2 Nge7 10. d4 d6 11. Rd1 Na5 12. b3 O-O 13. O-O Bc6 14. dxc5 dxc5 15.
Qxd8 Rfxd8 16. Rxd8+ Rxd8 17. Rd1 Rxd1+ 18. Nxd1 Kf8 19. Bd2 Nb7 20. Bc3 f6 21.
Nf2 Kf7 22. a4 Nd6 23. Bb2 b5 24. axb5 axb5 25. g4 e5 26. fxe5 fxe5 27. Nd3
Nxe4 28. Nxe5+ Bxe5 1/2-1/2

[Event "Seniorenkampioenschap 2012"]
[Site "Oosterbeek, Netherlands"]
[Date "2012.07.09"]
[Round "3"]
[White "Vosselman, Jan"]
[Black "Haitsma, Anne"]
[Result "1-0"]
[WhiteElo "2009"]
[BlackElo "1904"]
[PlyCount "89"]
[EventDate "2012.??.??"]

1. d4 Nf6 2. c4 e6 3. Nc3 Bb4 4. Qc2 d5 5. a3 Bxc3+ 6. Qxc3 Ne4 7. Qc2 c5 8.
dxc5 Nc6 9. Nf3 Qa5+ 10. Nd2 Nxd2 11. Bxd2 Qxc5 12. e3 dxc4 13. Qxc4 Qxc4 14.
Bxc4 O-O 15. O-O Ne5 16. Be2 Bd7 17. Bc3 Nc6 18. Bf3 Rfd8 19. Rfc1 Rac8 20. Kf1
b6 21. Ke1 Be8 22. Be2 Nb8 23. Be5 Rxc1+ 24. Rxc1 Nc6 25. Bc3 Ne7 26. e4 b5 27.
f3 Rc8 28. Rd1 a6 29. Rd6 Rc6 30. Rd2 Rc8 31. Kf2 Nc6 32. Ke3 f6 33. f4 Kf7 34.
g4 Rd8 35. Rxd8 Nxd8 36. Kd4 Nb7 37. e5 Bc6 38. Bd3 g6 39. exf6 Kxf6 40. g5+
Kf7 41. h4 Bf3 42. Ke3 Bd5 43. Kd4 Nd6 44. Kc5 Ne4+ 45. Kb6 1-0

[Event "Seniorenkampioenschap 2012"]
[Site "Oosterbeek, Netherlands"]
[Date "2012.07.09"]
[Round "3"]
[White "Scholten, Karel"]
[Black "Huysman, Arie"]
[Result "1/2-1/2"]
[WhiteElo "1903"]
[BlackElo "2003"]
[PlyCount "70"]
[EventDate "2012.??.??"]

1. e4 e5 2. f4 exf4 3. Nf3 d5 4. exd5 Nf6 5. c4 c6 6. Nc3 cxd5 7. cxd5 Bd6 8.
Qe2+ Qe7 9. Nb5 Kd8 10. Qxe7+ Kxe7 11. Bc4 a6 12. Nxd6 Kxd6 13. O-O b5 14. Bb3
Nxd5 15. Bxd5 Kxd5 16. d3 Nc6 17. Bxf4 Bd7 18. Ng5 f6 19. Ne4 Nd4 20. Kf2 Rac8
21. Nc3+ Ke6 22. Rfe1+ Kf7 23. a3 Rhe8 24. Rxe8 Bxe8 25. Be3 Nf5 26. Ke2 Bd7
27. Bf2 Bc6 28. g3 Re8+ 29. Kd2 Bg2 30. Rc1 Bf3 31. Bg1 h5 32. Rf1 Bg4 33. Bc5
Re5 34. Ne4 Rd5 35. Rf2 Kg8 {onleesbaar} 1/2-1/2

[Event "Seniorenkampioenschap 2012"]
[Site "Oosterbeek, Netherlands"]
[Date "2012.07.09"]
[Round "3"]
[White "Caljé, Tom"]
[Black "Klein, Ron"]
[Result "1/2-1/2"]
[WhiteElo "1990"]
[BlackElo "2049"]
[PlyCount "38"]
[EventDate "2012.??.??"]

1. e4 e6 2. d4 d5 3. Nc3 Bb4 4. exd5 exd5 5. Bd3 Ne7 6. Nge2 Bf5 7. a3 Ba5 8.
b4 Bb6 9. Na4 c6 10. Nxb6 axb6 11. O-O b5 12. Bg5 f6 13. Bh4 O-O 14. Bg3 Qd7
15. Re1 Na6 16. Nf4 Ng6 17. Bxf5 Qxf5 18. Qd3 Qxd3 19. Nxd3 Rfe8 1/2-1/2

[Event "Seniorenkampioenschap 2012"]
[Site "Oosterbeek, Netherlands"]
[Date "2012.07.09"]
[Round "3"]
[White "Smeets, Pierre"]
[Black "Toorman, Jan"]
[Result "1-0"]
[WhiteElo "2041"]
[BlackElo "2028"]
[PlyCount "95"]
[EventDate "2012.??.??"]

1. d4 Nf6 2. Nf3 d5 3. c4 c6 4. Nc3 g6 5. Bf4 Bg7 6. e3 O-O 7. Rc1 a6 8. Be2
Be6 9. c5 Nh5 10. Bxb8 Rxb8 11. Ng5 Nf6 12. Nxe6 fxe6 13. f4 Qa5 14. O-O b6 15.
Qa4 Qxa4 16. Nxa4 b5 17. Nb6 Rbd8 18. a4 Nd7 19. axb5 axb5 20. Ra1 Kf7 21. Ra7
Nxb6 22. cxb6 Rb8 23. b7 Ke8 24. Rc1 Kd7 25. Ra6 Rxb7 26. Rcxc6 Rc8 27. Rxc8
Kxc8 28. Rxe6 Rc7 29. Bxb5 Rc1+ 30. Bf1 Bf6 31. b4 Kd7 32. Ra6 g5 33. g3 h5 34.
Ra5 Kd6 35. Rc5 Rb1 36. b5 g4 37. Kf2 Rb2+ 38. Be2 e6 39. Rc6+ Kd7 40. f5 Bg5
41. Rxe6 Rb3 42. Re5 Kd6 43. f6 Bxf6 44. Rxh5 Rb2 45. Rf5 Ke6 46. Rf4 Bg5 47.
Rxg4 Kf5 48. h4 1-0

[Event "Seniorenkampioenschap 2012"]
[Site "Oosterbeek, Netherlands"]
[Date "2012.07.09"]
[Round "3"]
[White "Vreugdenhil, Frans"]
[Black "Erwich, Frans"]
[Result "0-1"]
[WhiteElo "2034"]
[BlackElo "1985"]
[PlyCount "28"]
[EventDate "2012.??.??"]

1. e4 c5 2. Nf3 e6 3. b3 b6 4. d4 cxd4 5. Nxd4 Bb7 6. Bd3 Qf6 7. c3 Bc5 8. Qe2
Nc6 9. Nxc6 Bxc6 10. e5 Qh4 11. O-O Nh6 12. Nd2 Ng4 13. h3 h5 14. b4 Qg3 0-1

[Event "Seniorenkampioenschap 2012"]
[Site "Oosterbeek, Netherlands"]
[Date "2012.07.09"]
[Round "3"]
[White "Van de Vreede, Jim"]
[Black "Duijker, Bert"]
[Result "1-0"]
[WhiteElo "1994"]
[BlackElo "1946"]
[PlyCount "103"]
[EventDate "2012.??.??"]

1. e4 g6 2. d4 Bg7 3. Nf3 d6 4. Be2 Nc6 5. Nc3 e5 6. Bg5 f6 7. Be3 exd4 8. Nxd4
Nge7 9. Bc4 Ne5 10. Bb5+ N7c6 11. f4 a6 12. fxe5 axb5 13. exd6 Nxd4 14. dxc7
Nxc2+ 15. Qxc2 Qxc7 16. Qb3 Qc4 17. Qxb5+ Qxb5 18. Nxb5 O-O 19. Bd4 Bd7 20. Nc3
Bc6 21. O-O Rad8 22. Rad1 Rfe8 23. Rfe1 Rd7 24. Bc5 Red8 25. Rxd7 Rxd7 26. Re2
Kf7 27. a4 Bh6 28. a5 Bd2 29. Kf2 Bxc3 30. bxc3 Ke6 31. Ke3 Bb5 32. Rb2 Bc6 33.
Rb6 Rc7 34. Bd4 f5 35. e5 g5 36. g3 h6 37. c4 Rc8 38. a6 bxa6 39. Rxa6 Kd7 40.
Kd3 Ra8 41. Rxa8 Bxa8 42. Be3 Be4+ 43. Kd4 Kc6 44. h4 gxh4 45. gxh4 h5 46. Bf4
Kd7 47. Kc5 Bf3 48. Kb6 Be4 49. c5 Bd5 50. c6+ Kc8 51. Kc5 Be4 52. Kd6 1-0

[Event "Seniorenkampioenschap 2012"]
[Site "Oosterbeek, Netherlands"]
[Date "2012.07.09"]
[Round "3"]
[White "Van de Peut, Aart"]
[Black "Greevenbosch, Henk"]
[Result "1-0"]
[WhiteElo "1907"]
[BlackElo "1943"]
[PlyCount "81"]
[EventDate "2012.??.??"]

1. e4 e5 2. Nc3 Nc6 3. Bc4 Bc5 4. d3 d6 5. f4 Bxg1 6. Rxg1 Qh4+ 7. g3 Qxh2 8.
Be3 Nd4 9. Bxd4 exd4 10. Ne2 Bg4 11. Kd2 Qf2 12. Rf1 Qe3+ 13. Ke1 Bxe2 14. Qxe2
Qxg3+ 15. Kd2 Ne7 16. Rf3 Qg6 17. Qf2 c5 18. Rg1 Qh6 19. Qg2 g6 20. Rh1 Qg7 21.
f5 f6 22. Bb5+ Kd8 23. fxg6 a6 24. Bc4 hxg6 25. Rxh8+ Qxh8 26. Rh3 Qg7 27. Qh2
Kd7 28. Rh7 Qf8 29. Qh3+ f5 30. exf5 Qxf5 31. Qh1 Qg5+ 32. Kd1 Kc7 33. Bd5 Rf8
34. Bxb7 d5 35. Bxd5 Kd6 36. Be4 Qg4+ 37. Ke1 Nf5 38. Bxf5 Rxf5 39. Qh2+ Ke6
40. Qe2+ Kd5 41. Qxg4 1-0

[Event "Seniorenkampioenschap 2012"]
[Site "Oosterbeek, Netherlands"]
[Date "2012.07.10"]
[Round "4"]
[White "Van den Berg, Ad"]
[Black "Van Lanen, Toon"]
[Result "1/2-1/2"]
[WhiteElo "2206"]
[BlackElo "2143"]
[PlyCount "81"]
[EventDate "2012.??.??"]

1. c4 e6 2. e4 d5 3. exd5 exd5 4. d4 Nf6 5. Nc3 Bb4 6. Nf3 O-O 7. h3 Ne4 8. Qb3
c5 9. cxd5 Qa5 10. Bd2 Nxd2 11. Kxd2 Qb6 12. dxc5 Qxc5 13. Re1 Bf5 14. Re3 Nd7
15. Qc4 Qd6 16. Nd4 Bg6 17. Ndb5 Bxc3+ 18. Nxc3 Qb6 19. Kc1 Rac8 20. Qb5 Qc7
21. Be2 a6 22. Qb4 Nc5 23. Rd1 Qd6 24. Qd4 b5 25. Kd2 Nd7 26. g3 Rc5 27. Ke1
Nf6 28. a4 bxa4 29. Qxa4 a5 30. Qd4 Rb8 31. Qe5 Qd8 32. Qe7 Qxe7 33. Rxe7 Rxb2
34. Na4 Rxe2+ 35. Rxe2 Rc8 36. d6 Be4 37. d7 Rd8 38. Nc5 Bf3 39. Ra1 Bxe2 40.
Kxe2 Nxd7 41. Nxd7 1/2-1/2

[Event "Seniorenkampioenschap 2012"]
[Site "Oosterbeek, Netherlands"]
[Date "2012.07.10"]
[Round "4"]
[White "Versteeg, Cees"]
[Black "Schouten, Nico"]
[Result "1/2-1/2"]
[WhiteElo "1912"]
[BlackElo "2094"]
[PlyCount "115"]
[EventDate "2012.??.??"]

1. e4 e5 2. Nf3 Nc6 3. Bb5 a6 4. Ba4 Nf6 5. d3 d6 6. c3 Be7 7. Be3 O-O 8. O-O
b5 9. Bc2 d5 10. exd5 Qxd5 11. Nbd2 Bf5 12. d4 Bxc2 13. Qxc2 Bd6 14. dxe5 Nxe5
15. Nxe5 Qxe5 16. Nf3 Qh5 17. h3 Nd5 18. Bg5 h6 19. Bh4 Nf4 20. Kh2 Nxh3+ 21.
Kxh3 f5 22. Nh2 Bxh2 23. Kxh2 Qxh4+ 24. Kg1 f4 25. Qe4 Rae8 26. Qf3 Re5 27. Qh3
Qe7 28. Rad1 Re6 29. Rd3 c5 30. Rfd1 Re1+ 31. Kh2 Rxd1 32. Rxd1 Qe5 33. Qf3 Qf6
34. Rd5 Re8 35. g3 fxg3+ 36. Kxg3 Qxf3+ 37. Kxf3 c4 38. Rd6 Rf8+ 39. Kg3 Rf6
40. Rd7 Kh7 41. Rc7 Rd6 42. a4 Rd2 43. Rc6 Rxb2 44. Rxa6 b4 45. cxb4 Rxb4 46.
a5 Rb5 47. Rc6 Rxa5 48. Rxc4 Kg6 49. f4 Kf5 50. Rc3 Ra1 51. Rc5+ Ke6 52. Re5+
Kf6 53. Re8 Rg1+ 54. Kf2 Rg4 55. Kf3 h5 56. Rf8+ Kg6 57. Re8 Kh7 58. Re5
1/2-1/2

[Event "Seniorenkampioenschap 2012"]
[Site "Oosterbeek, Netherlands"]
[Date "2012.07.10"]
[Round "4"]
[White "Hoynck van Papendrecht, Fr"]
[Black "Vogel, Jaap"]
[Result "1/2-1/2"]
[WhiteElo "2055"]
[BlackElo "2156"]
[PlyCount "54"]
[EventDate "2012.??.??"]

1. e4 e6 2. d4 d5 3. Nc3 Bb4 4. e5 b6 5. Qg4 Bf8 6. Be3 Ne7 7. Nge2 Ba6 8. Ng3
Bxf1 9. Rxf1 g6 10. Bg5 Qd7 11. O-O-O Nbc6 12. Kb1 O-O-O 13. h4 h6 14. Bc1 h5
15. Qf3 Rh7 16. Nce2 Ng8 17. Bg5 Be7 18. Rh1 Kb8 19. Nf4 Bxg5 20. hxg5 Nge7 21.
Nge2 Rhh8 22. Nc1 Nf5 23. Nfe2 Nce7 24. Qd3 Rc8 25. Rh3 Rhd8 26. f3 h4 27. f4
c5 1/2-1/2

[Event "Seniorenkampioenschap 2012"]
[Site "Oosterbeek, Netherlands"]
[Date "2012.07.10"]
[Round "4"]
[White "Markus, John"]
[Black "Vosselman, Jan"]
[Result "1-0"]
[WhiteElo "2107"]
[BlackElo "2009"]
[PlyCount "163"]
[EventDate "2012.??.??"]

1. d3 b5 2. e4 Bb7 3. Nf3 e6 4. g3 Nf6 5. Bg2 d5 6. e5 Nfd7 7. O-O c5 8. Re1
Nc6 9. c3 Qb6 10. a3 a5 11. d4 c4 12. Bf4 Be7 13. h4 b4 14. axb4 axb4 15. Rxa8+
Bxa8 16. Nbd2 Bb7 17. h5 Qa5 18. Qc2 b3 19. Qb1 h6 20. g4 Kd8 21. Nf1 Kc7 22.
Ng3 Ra8 23. g5 hxg5 24. Nxg5 Nd8 25. Nf3 Qa2 26. Qc1 Bc6 27. Bg5 Bxg5 28. Nxg5
Nb6 29. f4 Bd7 30. Qd2 Na4 31. Re2 Qb1+ 32. Kh2 Nb6 33. Re1 Qc2 34. Qxc2 bxc2
35. Rc1 Ba4 36. f5 Nd7 37. Bh3 exf5 38. Bxf5 Rb8 39. Nf1 Rxb2 40. Ne3 Kc6 41.
Kg3 Nf8 42. Nxc2 Bxc2 43. Bxc2 Nfe6 44. Nxe6 Nxe6 45. Ba4+ Kb6 46. Be8 Nd8 47.
Rf1 Rc2 48. Rf3 Rc1 49. Kg4 Rg1+ 50. Rg3 Rh1 51. Rg2 Rc1 52. Rg3 Rh1 53. Kf3
Rxh5 54. Rxg7 Rh1 55. Rg3 Rh8 56. Bd7 Ne6 57. Ke3 Rd8 58. Bxe6 fxe6 59. Rg6 Re8
60. Kf4 Kc7 61. Rg7+ Kc6 62. Kg5 Rf8 63. Re7 Rf3 64. Rxe6+ Kc7 65. Rd6 Rxc3 66.
Rxd5 Rc1 67. Kf5 c3 68. Ke6 Rd1 69. Rc5+ Kd8 70. d5 Rd3 71. d6 Rh3 72. Rc4 Rg3
73. Rf4 Rg6+ 74. Kd5 c2 75. Rc4 Rg2 76. e6 Rd2+ 77. Kc6 Re2 78. e7+ Ke8 79. Kc7
Rd2 80. Rc6 Kf7 81. Kd7 Re2 82. Rxc2 1-0

[Event "Seniorenkampioenschap 2012"]
[Site "Oosterbeek, Netherlands"]
[Date "2012.07.10"]
[Round "4"]
[White "Jonkman, Fokke"]
[Black "Viergever, Max"]
[Result "1/2-1/2"]
[WhiteElo "1995"]
[BlackElo "2097"]
[PlyCount "142"]
[EventDate "2012.??.??"]

1. c4 e5 2. Nc3 Nf6 3. Nf3 Nc6 4. a3 d5 5. cxd5 Nxd5 6. Qc2 Be7 7. e3 Nxc3 8.
bxc3 O-O 9. d4 Qd6 10. Be2 f5 11. dxe5 Nxe5 12. Nxe5 Qxe5 13. O-O Be6 14. c4
Qxa1 15. Bb2 Qa2 16. Ra1 Qxa1+ 17. Bxa1 Bf6 18. Bxf6 Rxf6 19. g3 c6 20. Qc3 a6
21. Qa5 Re8 22. Qe5 Rf7 23. c5 Rfe7 24. Qc3 Bd5 25. Bc4 Rd8 26. Qb4 Kh8 27. Qb6
Rdd7 28. Bxd5 Rxd5 29. Qa7 h6 30. Qb8+ Kh7 31. Qf8 Red7 32. Kg2 Rd8 33. Qe7
R5d7 34. Qe6 Rd5 35. Qe7 R8d7 36. Qf8 a5 37. h4 Re5 38. h5 Rdd5 39. Qf7 Rxc5
40. Qxb7 Re6 41. Qb1 Rf6 42. e4 Rb5 43. Qd3 Kg8 44. Qd8+ Rf8 45. Qd7 fxe4 46.
Qxc6 Rxh5 47. Qxe4 Kh8 48. f4 Rhf5 49. Qc6 R8f6 50. Qe8+ Rf8 51. Qc6 R8f7 52.
Qe8+ Kh7 53. Qe4 h5 54. Kh3 g6 55. Qe6 R5f6 56. Qe5 Rf5 57. Qd4 Rg7 58. Qe4 Kh6
59. Qe6 Rgf7 60. Kh4 Kh7 61. Kh3 Rg7 62. Qe4 Rg8 63. Qe7+ Kh8 64. Qe6 Kh7 65.
Qe7+ Rg7 66. Qe6 Rgf7 67. Qe4 Rg7 68. Qe6 Rf8 69. Qa6 Rf5 70. Qe6 Rff7 71. Kh4
Rf5 1/2-1/2

[Event "Seniorenkampioenschap 2012"]
[Site "Oosterbeek, Netherlands"]
[Date "2012.07.10"]
[Round "4"]
[White "Van Leeuwen, Etienne"]
[Black "Etmans, Maarten"]
[Result "1/2-1/2"]
[WhiteElo "2061"]
[BlackElo "2001"]
[PlyCount "40"]
[EventDate "2012.??.??"]

1. e4 g6 2. d4 c6 3. Nc3 Bg7 4. f4 d5 5. e5 h5 6. Nf3 Nh6 7. Be3 Bg4 8. Be2 e6
9. Bf2 Nf5 10. Qd2 Nd7 11. O-O Qe7 12. Nd1 Bh6 13. Ne3 Bxf4 14. Nxf5 Bxd2 15.
Nxe7 Bxf3 16. Nxg6 fxg6 17. Bxf3 O-O-O 18. Be2 Rdf8 19. Bd3 Rhg8 20. Rad1 Bh6
1/2-1/2

[Event "Seniorenkampioenschap 2012"]
[Site "Oosterbeek, Netherlands"]
[Date "2012.07.10"]
[Round "4"]
[White "Huysman, Arie"]
[Black "Holscher, Peter"]
[Result "1-0"]
[WhiteElo "2003"]
[BlackElo "2078"]
[PlyCount "79"]
[EventDate "2012.??.??"]

1. e4 e6 2. d4 d5 3. Nd2 a6 4. Ngf3 Nf6 5. Bd3 c5 6. c3 Nc6 7. O-O cxd4 8. cxd4
Nb4 9. Bb1 dxe4 10. Nxe4 Bd7 11. Ne5 h6 12. a3 Nbd5 13. Nxf6+ Nxf6 14. Qf3 Qc7
15. Bf4 Bc6 16. Nxc6 Qxc6 17. Qxc6+ bxc6 18. Bd3 Kd7 19. Be5 a5 20. f4 Nd5 21.
f5 f6 22. Bg3 Bd6 23. fxe6+ Ke7 24. Rac1 Bxg3 25. hxg3 Kd6 26. Rfe1 Rab8 27.
Rc2 Rb3 28. Be4 Ne7 29. Rec1 Rc8 30. Kf2 f5 31. Bf3 Rd3 32. Ke2 Rxd4 33. b3 f4
34. Rc5 Rb8 35. R5c3 Rb6 36. gxf4 Rxf4 37. Rd1+ Kxe6 38. Re3+ Kf6 39. Rd6+ Kg5
40. Rxe7 1-0

[Event "Seniorenkampioenschap 2012"]
[Site "Oosterbeek, Netherlands"]
[Date "2012.07.10"]
[Round "4"]
[White "Van de Vreede, Jim"]
[Black "Smeets, Pierre"]
[Result "1/2-1/2"]
[WhiteElo "1994"]
[BlackElo "2041"]
[PlyCount "26"]
[EventDate "2012.??.??"]

1. e4 e6 2. e5 d6 3. exd6 cxd6 4. d4 Nf6 5. Nf3 Be7 6. Bd3 O-O 7. O-O b6 8. Bg5
Bb7 9. Re1 Nbd7 10. c4 Rc8 11. Nc3 d5 12. Qe2 dxc4 13. Bxc4 Bxf3 1/2-1/2

[Event "Seniorenkampioenschap 2012"]
[Site "Oosterbeek, Netherlands"]
[Date "2012.07.10"]
[Round "4"]
[White "Goossen, Theo"]
[Black "Scholten, Karel"]
[Result "0-1"]
[WhiteElo "2037"]
[BlackElo "1903"]
[PlyCount "64"]
[EventDate "2012.??.??"]

1. e4 c5 2. Nf3 d6 3. d4 cxd4 4. Nxd4 Nf6 5. Nc3 a6 6. g3 e5 7. Nde2 Be7 8. Bg2
b5 9. a4 Bb7 10. axb5 axb5 11. Rxa8 Bxa8 12. Qd3 Qa5 13. O-O b4 14. Nd5 Nxd5
15. exd5 Bb7 16. c4 bxc3 17. bxc3 Ba6 18. Qe3 Bc4 19. Qe4 Qa2 20. Re1 Nd7 21.
Bb2 Nf6 22. Qc2 O-O 23. Nd4 exd4 24. Rxe7 Rb8 25. Rc7 Ba6 26. Ra7 g6 27. Qc1
Qxb2 28. Qxb2 Rxb2 29. Rxa6 dxc3 30. Rc6 c2 31. Bf1 Nxd5 32. Kg2 Nb4 0-1

[Event "Seniorenkampioenschap 2012"]
[Site "Oosterbeek, Netherlands"]
[Date "2012.07.10"]
[Round "4"]
[White "Erwich, Frans"]
[Black "Landsbergen, Ron"]
[Result "1/2-1/2"]
[WhiteElo "1985"]
[BlackElo "1934"]
[PlyCount "78"]
[EventDate "2012.??.??"]

1. e4 e5 2. Nf3 Nc6 3. Bb5 Nf6 4. d3 Bc5 5. O-O d6 6. c3 O-O 7. Re1 Ne7 8. d4
exd4 9. cxd4 Bb4 10. Nc3 d5 11. e5 Ne4 12. Bd3 Nxc3 13. bxc3 Bxc3 14. Bxh7+
Kxh7 15. Qc2+ Bf5 16. Qxc3 Qd7 17. Ng5+ Kg8 18. Qg3 Nc6 19. Ba3 Rfe8 20. Qf4
Bg6 21. g4 Nd8 22. h4 Ne6 23. Nxe6 Rxe6 24. Rac1 Rae8 25. h5 Bh7 26. Re3 Rc6
27. Rxc6 Qxc6 28. g5 Qe6 29. Rc3 c6 30. Rf3 Be4 31. Rg3 Qf5 32. Qh4 Bf3 33. Kh2
Be4 34. f4 Re6 35. g6 fxg6 36. h6 g5 37. Qxg5 Rg6 38. Qxf5 Bxf5 39. hxg7 Rxg3
1/2-1/2